Monuments d'Italie - Statistiques

Statistiques générales
  • Ce quiz a été pris 224 fois
  • Le résultat moyen est 6 sur 16
Statistiques - réponses
Par images Hint Réponse % Correct
Tour de Pise
99%
Colisée
95%
Fontaine de Trévi
83%
Panthéon
65%
Ruines de Pompéi
50%
Palais des Doges
47%
Pont des Soupirs
45%
Basilique Saint-Marc
28%
Dôme de Milan
26%
Château Saint-Ange
23%
Cathédrale Santa-Maria del Fiore
17%
La Scala
11%
Arena de Vérone
8%
Cirque Maxime
7%
(Lieu qui regroupe ces temples) Vallée des temples
6%
Castel dell'Ovo
2%
Aucun quiz correspondant
Distribution des résultats
% des personnes avec chaque résultat
Percentile par nombre de réponses
Votre historique - résultats
Vous n’avez pas pris ce quiz